| 000 | 00936nam a2200313 i 4500 | ||
|---|---|---|---|
| 001 | 12036 | ||
| 003 | KOSZ 005 | ||
| 005 | 20210518114059.0 | ||
| 008 | 071121s1966 pl g 001 0 pol | ||
| 015 | _aPB 1966/6156 | ||
| 040 |
_aWA N _cWA N _dKOSZ 005/RW _dKOSZ 005/HR |
||
| 041 | 0 |
_apol _bfre |
|
| 046 | _k1966 | ||
| 080 | _a17 | ||
| 100 | 1 |
_aOssowska, Maria _d(1896-1974) _eAutor |
|
| 245 | 1 | 0 |
_aPodstawy nauki o moralności / _cMaria Ossowska. |
| 250 | _aWyd. 4. | ||
| 260 |
_aWarszawa : _bPaństwowe Wydawnictwo Naukowe, _c1966. |
||
| 300 |
_a407, [1] s. ; _c25 cm. |
||
| 380 | _aKsiążki. | ||
| 388 | _a1901-2000 | ||
| 504 | _aIndeks. | ||
| 546 | _aStreszcz. fr. | ||
| 658 | _aFilozofia i etyka | ||
| 650 | 4 | _aEtyka | |
| 710 | 2 |
_aPaństwowe Wydawnictwo Naukowe _4pbl. |
|
| 856 |
_uhttp://koha.tu.koszalin.pl/cgi-bin/koha/opac-detail.pl?biblionumber=12036 _yKatalog online BPK |
||
| 942 |
_2UKD _cKS |
||
| 999 |
_c12036 _d12036 |
||